Statistiques concernant Consulats généraux de France sur une carte

Cliquez ici pour prendre le quiz!

Statistiques générales

  • Ce quiz a été pris 50 fois
    (49 depuis la dernière actualisation)
  • Le résultat moyen est 64 sur 92

Réponses sur la Carte

Les réponses sont colorées sur une échelle allant du rouge au vert en fonction du pourcentage des utilisateurs qui les ont devinées à leur premier essai. Vous pouvez retrouver ces pourcentages ci-dessous.
 

Statistiques - réponses

Ville% Correct
Madrid
98%
New York
98%
Barcelone
95%
Los Angeles
95%
Miami
95%
Rio de Janeiro
95%
Alger
93%
Chicago
93%
Londres
93%
Moscou
93%
Rome
93%
Buenos Aires
91%
Mexico
91%
Milan
91%
Sydney
91%
Tunis
91%
Amsterdam
88%
Bruxelles
88%
Genève
88%
Le Caire
88%
Le Cap
88%
San Francisco
88%
Sao Paulo
88%
Casablanca
86%
Dakar
86%
Jérusalem
86%
Naples
86%
Rabat
86%
Zurich
86%
Montréal
84%
Toronto
84%
Vancouver
84%
Washington
84%
Alexandrie
81%
Bamako
81%
Beyrouth
81%
Boston
81%
Edimbourg
81%
Saint-Petersbourg
81%
Shanghai
81%
Hambourg
79%
Istanbul
79%
Tel-Aviv
79%
Francfort-sur-le-Main
77%
Mumbai
77%
Oran
77%
Quebec
77%
Bilbao
74%
Hong Kong
74%
Johannesbourg
74%
Munich
74%
Canton
72%
Cracovie
72%
Dubaï
72%
Houston
72%
La Nouvelle-Orléans
72%
Marrakech
72%
Lagos
70%
Libreville
70%
Abidjan
67%
Antananarivo
67%
Kyoto
67%
Atlanta
65%
Tanger
65%
Fès
63%
Florence
63%
Ho Chi Minh-Ville
60%
Thessalonique
60%
Kolkata
56%
Ouagadougou
56%
Stuttgart
56%
Karachi
53%
Agadir
44%
Djedda
44%
Récife
44%
Haifa
42%
Douala
40%
Düsseldorf
40%
Pondichery
40%
Wuhan
40%
Bangalore
37%
Monterrey
35%
Mossoul
35%
Ekaterinbourg
33%
Almaty
30%
Sarrebruck
30%
Erbil
26%
Pointe-Noire
26%
Annaba
19%
Chengdu
16%
Moncton
14%
Shenyang
12%

Distribution des résultats

Percentile par nombre de réponses

% des personnes avec chaque résultat

Votre développement - résultats

Vous n’avez pas pris ce quiz depuis la dernière actualisation